ළඳකට අත්වැලක් /

Landakata athvelak.
Saved in:
Bibliographic Details
Main Author: දයාරත්න, සුරංගණී
Format: Book
Published: කොළඹ : ඇස්. ගොඩගේ සහ සහෝදරයෝ , 1997.
Tags: Add Tag
No Tags, Be the first to tag this record!

MARC

LEADER 00000nam a2200000 4500
003 LK-CoNLD
005 20260409093827.0
008 260409b |||||||| |||| 00| 0 ||| d
015 |2 slnb 
017 |a 277739  |b LK-CoDNA 
020 |a 955202272 
040 |a LK-CoNLD  |b SIN  |c LK-CoNLD  |d LK-CoNLD 
082 |2 23  |q LK-CoNLD 
100 |a දයාරත්න, සුරංගණී  |9 711 
245 |6 880-1  |a ළඳකට අත්වැලක් /  |c සුරංගනී දයාරත්න. 
260 |a කොළඹ :  |b ඇස්. ගොඩගේ සහ සහෝදරයෝ ,  |c 1997. 
300 |a පි. [ix], 304 ;  |c සෙමී. 21.  |b නුබැ-බෝක : රු. 200.00 
880 |6 245-1  |a Landakata athvelak. 
942 |c BOOK 
999 |c 298788  |d 298788 
945 |a 21991  |b Nadeen WEERAKOON  |c 21991  |d Nadeen WEERAKOON